Dans quels royaumes sont les 50 plus grandes villes du Royaume Uni ? - Statistiques

Statistiques générales
  • Ce quiz a été pris 59 fois
  • Le résultat moyen est 44 sur 50
Statistiques - réponses
Hint Réponse % Correct
Londres Angleterre
100%
Liverpool Angleterre
98%
Manchester Angleterre
98%
Édimbourg Écosse
98%
Birmingham Angleterre
96%
Leicester Angleterre
96%
Southampton Angleterre
94%
Northampon Angleterre
94%
Wolverhampton Angleterre
94%
Portsmouth Angleterre
94%
Bournemouth Angleterre
94%
Oxford Angleterre
94%
Glasgow Écosse
94%
Nottingham Angleterre
93%
Brighton and Hove Angleterre
93%
Reading Angleterre
93%
Norwich Angleterre
93%
Milton Keynes Angleterre
93%
Warrington Angleterre
93%
Telford Angleterre
93%
Cambrige Angleterre
93%
Blackpool Angleterre
93%
Middlesbrough Angleterre
93%
Huddersfield Angleterre
93%
Belfast Irlande du Nord
93%
Bradford Angleterre
91%
Newcastle upon Tyne Angleterre
91%
Plymouth Angleterre
91%
Luton Angleterre
91%
Bolton Angleterre
91%
Southend on Sea Angleterre
91%
Sunderland Angleterre
91%
Bristol Angleterre
89%
Stoke on Trent Angleterre
89%
Ipswish Angleterre
89%
Leeds Angleterre
87%
Sheffield Angleterre
87%
Kingswood Angleterre
87%
York Angleterre
87%
Poole Angleterre
87%
Coventry Angleterre
85%
Derby Angleterre
81%
Kingston upon Hull Angleterre
81%
Peterborough Angleterre
81%
Swindon Angleterre
81%
Cardiff Pays de Galles
81%
Slough Angleterre
80%
Aberdeen Écosse
61%
Dundee Écosse
48%
Swansea Pays de Galles
43%
Aucun quiz correspondant
Distribution des résultats
% des personnes avec chaque résultat
Percentile par nombre de réponses
Votre historique - résultats
Vous n’avez pas pris ce quiz